| 000 | 00643cam2a220021700 4500 | ||
|---|---|---|---|
| 001 | zam00003767 | ||
| 008 | 951128s1977 xx eng u | ||
| 035 | _a(Sirsi) r21086 | ||
| 035 | _a(MACHINE)SLC. | ||
| 100 |
_aGarvey, B. and Krug, M. _6A82730.1 |
||
| 245 | 1 | 0 | _aModels of history teaching in Secondary Schools. |
| 260 | _c1977. | ||
| 949 |
_aLB1641 _wlcc _mMAIN _p2500 _tSHORTLOAN _lSHORTLOAN |
||
| 004 | 21086 | ||
| 591 | _aClass code: ED 370. | ||
| 591 | _aCourse: History teaching methods: Single Sub. M. | ||
| 591 | _aSchool: S03. | ||
| 591 | _aLecturer: Mr. KALYALYA, J.H. | ||
| 591 | _aNumber of Students: 7. | ||
| 909 | _aBook | ||
| 999 |
_c8559 _d8559 |
||